000 00799nam a2200241 i 4500
001 bgj
100 1 _aEVANS, Virginia
245 1 0 _aListening and speaking skills :
_bfor the revised Cambridge Proficiency Exam : student's book.
_n1 /
_cVirginia Evans, Sally Scott.
260 _aNewbury :
_bExpress Publishing,
_c2002.
300 _a63 pp :
_bphotos, tables ;
_c28 cm.
650 9 _aEnglish language
_xAssessment tests
650 9 _aEnglish language
_xExaminations, tests
650 9 _aCPE
650 9 _aCPE listening tests
_xListening CPE tests
650 9 _aCPE speaking tests
_xSpeaking CPE tests
700 1 _aSCOTT, Sally.
_eco-author
020 _a1843255405
040 _cBPK
041 0 _aeng
920 _a1-84325-540-5
942 _cKS
008 s uk f |000 0 eng
999 _c48729
_d48729